El Banco Mundial, el CAFTA y el desarrollo centroamericano

Պահպանված է:
Մատենագիտական մանրամասներ
Ձևաչափ: Տեքստ
Ցուցիչներ: Ավելացրեք ցուցիչ
Չկան պիտակներ, Եղեք առաջինը, ով նշում է այս գրառումը!

MARC

LEADER 00000 a a2200000 04500
001 42574
003
040
245 |a El Banco Mundial, el CAFTA y el desarrollo centroamericano  
773 |g volumen24, número1088 ( , 2004), páginas 4-6  
999 |c 39499  |d 39499